EPIC: The Musical - Lyrics Sort #6 - Polyphemus - Statistics

General Stats
  • This quiz has been taken 88 times
  • The average score is 35 of 49
Answer Stats
Hint Answer % Correct
Line 2 Look at all this food, look at all these sheep
100%
Line 3 I can't believe this cave has all this for us to keep
89%
Line 6 It's almost too perfect, too good to be true
89%
Line 4 I've gotta hand it to you both, this it quite the treat
89%
Line 5 There are enough sheep here to feed the entire fleet
87%
Line 7 Why would the lotus eaters pass up on all this food?
87%
Line 1 Over here!
84%
Line 8 Who are you?
84%
Line 10 We're just travellers
82%
Line 12 You killed my sheep
82%
Line 13 My favorite sheep
80%
Line 14 What gives you the right to deal a pain so deep?
78%
Line 9 Hey there
76%
Line 11 We come in peace
76%
Line 17 Your blood over where you stand
73%
Line 20 You will learn that it's not so fun to take
73%
Line 15 Don't you know that pain you sow is pain you reap?
71%
Line 16 Time to drink
71%
Line 18 Your life now is in my hand
71%
Line 41 A gift from you and a gift from me
69%
Line 22 But now you'll become my meal
69%
Line 35 The power that's in your hands
69%
Line 21 You came to my home to steal
69%
Line 23 A trade, you see? [1]
67%
Line 40 A trade, you see? [2]
67%
Line 27 But now that I see we've done some damage
67%
Line 29 I'll give you our finest treasure
67%
Line 28 Maybe you and I could make a deal
67%
Line 39 No bloodshed in here today
67%
Line 34 One sip and you'll understand
67%
Line 30 So long as we leave alive
67%
Line 24 Take from you like you took from me
67%
Line 38 Then we shall be on our way
67%
Line 25 There's been a misunderstanding
67%
Line 26 We never came here to steal
67%
Line 32 Wine?
67%
Line 31 You can keep the world's best tasting wine
67%
Line 37 You'd never wanna eat human flesh again
67%
Line 42 Ah, I'd like to thank you
64%
Line 36 A wine so fresh
64%
Line 19 Before I'm done
64%
Line 33 Have a drink
64%
Line 46 I'm so glad we see eye to eye
64%
Line 44 My name is Nobody, Nobody, Nobody
64%
Line 45 Nobody, for your gift I've one to reply
64%
Line 43 Stranger, what's your name?
64%
Line 49 Watch out!
64%
Line 48 What?
64%
Line 47 Yes, you shall be the final man to die
64%
No matching quizzes found
Score Distribution
Percent of People with Each Score
Percentile by Number Answered
Your Score History
You have not taken this quiz